Statistics for Command & Conquer Zero Hour Rise of the Reds units

Click here to take the quiz!

General Stats

  • This quiz has been taken 22 times
  • The average score is 94 of 199

Answer Stats

Units% Correct
Conscript
86%
Boris Bikov
79%
Fanatic
79%
Rebel
79%
Rocket Buggy
79%
Scorpion Tank
79%
SEAL
79%
Technical
79%
Terrorist
79%
Angry Mob
71%
Dragon Tank
71%
Excavator
71%
Grad
71%
Grenadier
71%
Jarmen Kell
71%
Kodiak Tank
71%
Marauder Tank
71%
Mercenary Gunner
71%
Tunnel Defender
71%
Worker
71%
Battlemaster Tank
64%
Bomb Truck
64%
Chinese Construction Dozer
64%
Colonel Burton
64%
Crusader Tank
64%
Demo Truck
64%
Hacker
64%
Humvee
64%
Leopard Tank
64%
Mercenary Grenadier
64%
Mercenary Runner
64%
Missile Defender
64%
Observation Van
64%
Pathfinder
64%
Ranger
64%
Recycler
64%
Red Guard
64%
RPG Insurgent
64%
Sentry Drone
64%
Stinger Soldier
64%
Tank Hunter
64%
USA Construction Dozer
64%
Anarchist
57%
Attack Dog
57%
Black Lotus
57%
Bloodhound
57%
Comanche
57%
Combat Medic
57%
Engineer
57%
Falcon
57%
Felin Rifleman
57%
Frank Jaeger
57%
Gattling Tank
57%
Gorgon
57%
Harrier
57%
Igla Trooper
57%
Mauler
57%
Minigun Team
57%
Nuke Cannon
57%
Paladin Tank
57%
Pandora
57%
Quad Cannon
57%
Shock Trooper
57%
Sokol
57%
Tiger Gunship
57%
Tomahawk
57%
Tunguska
57%
WASP Hive
57%
Widowmaker
57%
Avenger
50%
Blackbear
50%
Combat Pioneer
50%
Command Truck
50%
Construction Crane
50%
Enforcer
50%
Gepard Flakpanzer
50%
Golem Tank
50%
Grizzly
50%
Grumble
50%
Guardian Drone
50%
Heavy Sniper
50%
Hellion
50%
Hind
50%
Hunchback
50%
Javelin Team
50%
Jumpjet Trooper
50%
Little Bird
50%
Marksman FAC
50%
Mobile Sensor Array
50%
Nighthawk
50%
Nukeneer
50%
Overlord Tank
50%
Pandur IFV
50%
Panzerfaust Soldier
50%
Rhino Tank
50%
RPG Conscript
50%
RPG VDV
50%
Sentinel Tank
50%
Shmel Trooper
50%
Supply Truck
50%
Supply Wartruck
50%
Tesla Tank
50%
Toxin Tractor
50%
Troop Crawler
50%
Ural Truck
50%
Vanguard
50%
Warhound
50%
AT Drone
43%
Berkut
43%
Cheetah attack helicopter
43%
Civilian informant
43%
Claymore Howitzer
43%
Combat Chinook
43%
Commando Medic
43%
Delta Force Operator
43%
Hook Gunship
43%
Hyena Interceptor
43%
Inferno Cannon
43%
Insurrection Angry Mob
43%
Jagdmammut Tank Destroyer
43%
Lynx APC
43%
Manticore
43%
Microwave Tank
43%
MiG Fighter
43%
Mishka
43%
Mole Minelayer
43%
Mortar Track
43%
Pyro Technician
43%
Shilka
43%
Supply Track
43%
Topol-M
43%
Valkyrie Venom
43%
VDV Gunner
43%
Viking Venom
43%
Volunteer Squad
43%
Weasel
43%
Wolverine
43%
Acolyte Tank
36%
Badger Recovery Vehicle
36%
Buratino
36%
Disruptor Team
36%
ECM Tank
36%
Fennek
36%
Fenris Cryo-Tank
36%
Flamethrower
36%
Green Beret
36%
Han Gunship
36%
Hijacker
36%
Hopper Tank
36%
Lion AWC
36%
Listening Outpost
36%
MiG Bomber
36%
Osprey
36%
Partisan
36%
Patriot SAM
36%
Predator Drone
36%
Puma APC
36%
Recon Drone
36%
Repair Drone
36%
Shenlong Tank
36%
Shock Trooper Bombardier
36%
Viper
36%
Wotan Array
36%
Airstrike Relay
29%
Ambulance
29%
Anti-Tank Commando
29%
Anvil Bot
29%
Blackhawk
29%
Combat Cycle
29%
Demolition Commando
29%
Drone Controller
29%
EMP Cannon
29%
Grizon
29%
Munitions Track
29%
Penetrator Quad Gun
29%
Plague Duster
29%
Propaganda Airship
29%
Radar helicopter
29%
Rotary Cannon
29%
Starlifter
29%
Termite Drone
29%
Tesla Orb
29%
Toxin Tanker
29%
Vulture Bomber
29%
Arms Supplier
21%
ATV Humvee
21%
Battle Bus
21%
Field Quarters
21%
Hunter Killer Drone
21%
Mule Drone
21%
Salvage Container
21%
Scrambler Track
21%
Twin Fang
21%
Microwave Deathray
14%
Saboteur
14%
Drone Airlifter
7%
Internet Truck
7%
Rocket Recycler
7%
Supply Drone
7%

Score Distribution

Percentile by Number Answered

Percent of People with Each Score

Your Score History

You have not taken this quiz